000
00290nam a2200109Ia 4500
008
220204s9999 xx 000 0 und d
082
_a
336.126.5:328(540)
_b
WAT
100
_a
WATTAL, P K
245
0
_a
Parliamentary financial control in India
260
_a
Bombay
_b
Minerva
_c
1962
942
_c
BK
999
_c
20033
_d
20033